000 00343nam a22001337a 4500
005 20240117163458.0
008 240117b ||||| |||| 00| 0 eng d
040 _cAL
041 _aEnglish
082 _223
_a658.8
_bNEEM
100 _aNeelameghan S and others
_9148093
245 _aMarketing Management and Indian Economy
942 _2ddc
_cBK
999 _c229650
_d229650